The world of Norm may contain nuts / (Record no. 1452)

MARC details
000 -LEADER
fixed length control field 00919nam a22002177a 4500
005 - DATE AND TIME OF LATEST TRANSACTION
control field 20241031145721.0
020 ## - INTERNATIONAL STANDARD BOOK NUMBER
International Standard Book Number 9781408313039
040 ## - CATALOGING SOURCE
Original cataloging agency FISKH
Language of cataloging eng
082 ## - DEWEY DECIMAL CLASSIFICATION NUMBER
Classification number 823.92
100 ## - MAIN ENTRY--PERSONAL NAME
Personal name Meres, Joanathan
245 ## - TITLE STATEMENT
Title The world of Norm may contain nuts /
Statement of responsibility, etc. Jonathan Meres
250 ## - EDITION STATEMENT
Edition statement This edition published 2016 by The Watts Publishing Group
260 ## - PUBLICATION, DISTRIBUTION, ETC.
Place of publication, distribution, etc. London :
Name of publisher, distributor, etc. Orchard,
Date of publication, distribution, etc. 2011
300 ## - PHYSICAL DESCRIPTION
Extent 295 pages, 9 unnumbered pages :
Dimensions 20 cm
505 ## - FORMATTED CONTENTS NOTE
Formatted contents note K
520 ## - SUMMARY, ETC.
Summary, etc. Summary: Norm knew it was going to be one of those days when he woke up and found himself about to pee in his dad's wardrobe. Why on Earth did his family have to move, anyway? In their old house he'd never tried to pee in anything other than the toilet. And when Norm is in bed, he's kept awake by his dad snoring like a rhinoceros! (Publisher)
521 ## - TARGET AUDIENCE NOTE
Target audience note 570 <br/>
Source Lexile
521 ## - TARGET AUDIENCE NOTE
Target audience note K <br/>
Source Raz-Plus
942 ## - ADDED ENTRY ELEMENTS (KOHA)
Source of classification or shelving scheme Dewey Decimal Classification
Koha item type Books
Suppress in OPAC No
999 ## -
-- 1452
-- 1452
Holdings
Withdrawn status Lost status Source of classification or shelving scheme Damaged status Not for loan Collection Home library Current library Shelving location Date acquired Total Checkouts Full call number Barcode Date last seen Copy number Price effective from Koha item type Date due Date last checked out
    Dewey Decimal Classification     Juvenile Fiction Footprints International School Library Network Toul Kork Campus Footprints International School Library Network Toul Kork Campus TK Primary Library Room(4th Floor), Bookcase 3&4, Shelves 17-32, Yellow Books 08/25/2023   MER 823.92 PZ7 FISTK05296 08/25/2023 1 08/25/2023 Books    
    Dewey Decimal Classification     Juvenile Fiction Footprints International School Library Network Toul Kork Campus Footprints International School Library Network Toul Tom Poung Campus TTP Primary Yellow Bookshelves 08/25/2023 2 MER 823.92 PZ7 FISSE01377 03/05/2026 2 08/25/2023 Books 03/19/2026 03/05/2026